000 00725cab a2200241 4500
001 ABS57651
008 090401t1997 xxu||||| |||| 00| 0 eng d
035 _a(Sirsi) u80905
041 _aeng
245 _aCountry file: Lithuania
260 _c1997
350 _a0
490 _aProcurement
_vSeptember 1997, 26-27(2)
520 _aAdvice for construction professionals seeking work in Lithuania. Covers economy, business law, example building costs. Lists useful contacts.
650 _aBALTIC STATES
650 _aBUILT ENVIRONMENT-BUILDING COSTS
650 _aCONSTRUCTION MARKET
650 _aFORMER SOVIET UNION
650 _aLITHUANIA
690 _aOVERSEAS-EUROPE
942 _n0
948 _c17/09/1997
999 _c50951
_d50951